000 00484nam a2200181Ia 4500
005 20250326130027.0
008 250326s9999 xx 000 0 und d
037 _aTextbook
040 _aFMSL
_beng
_cFMSL
041 _aeng
_2eng
084 _aB28 N9
_qFMSL
100 _aElhance D N
245 0 _aFundamentals of statistics
_cElhance D N
260 _aNew Delhi
_bNew Delhi, Kitab Mahal
_c1969
300 _a999p
942 _cTB
_hB28 N9
999 _c1280611
_d1280611